Workflow manažment systém - procesný editor
Uložené v:
| Hlavný autor: | |
|---|---|
| Ďalší autori: | |
| Médium: | Rukopis Kniha |
| Jazyk: | Slovak |
| Vydavateľské údaje: |
2016
|
| Predmet: | |
| On-line prístup: | http://is.stuba.sk/zp/portal_zp.pl?podrobnosti=107329 |
| Tagy: |
Žiadne tagy, Buďte prvý, kto otaguje tento záznam!
|
MARC
| LEADER | 00000ntm a22000003a 4500 | ||
|---|---|---|---|
| 001 | stuzp54390 | ||
| 003 | SK-STU | ||
| 005 | 20160831105210.3 | ||
| 007 | ta | ||
| 008 | 150427s2015----xo-----f-mn---000-0-slo-d | ||
| 040 | |a STU |b slo | ||
| 041 | 0 | |a slo | |
| 044 | |a xo | ||
| 100 | 1 | |a Prieboj, Tomáš |u 035000 |4 aut |U FEI Fakulta elektrotechniky a informatiky |T FEI Ústav informatiky a matematiky |X 72987 |U E050 |Y 816 |7 72987 | |
| 242 | 0 | 1 | |a Workflow management system - process editor |y eng |
| 245 | 1 | 0 | |a Workflow manažment systém - procesný editor |
| 260 | |c 2016 | ||
| 300 | |a 49 s., |b CD-ROM | ||
| 650 | 4 | |a Petri nets |2 eng | |
| 650 | 4 | |a process editor |2 eng | |
| 650 | 4 | |a workflow management system |2 eng | |
| 650 | 4 | |a web aplication |2 eng | |
| 650 | 4 | |a Petriho siete |2 slo | |
| 650 | 4 | |a workflow manažment systém |2 slo | |
| 650 | 4 | |a procesný editor |2 slo | |
| 650 | 4 | |a webová aplikácia |2 slo | |
| 700 | 1 | |a Juhás, Gabriel |u 035000 |k Z1 |4 ths |U FEI Fakulta elektrotechniky a informatiky |T FEI Ústav informatiky a matematiky |X 4971 |U E050 |Y 816 |7 A000004971 | |
| 856 | 4 | |u http://is.stuba.sk/zp/portal_zp.pl?podrobnosti=107329 | |
| 996 | |b 284ER02249 |c E*Bc- 2249 |l EE35 |s P |a 0 |w stuzp54390_0001 | ||
| SQL | |a stuzp54390 |b DBP |c SLO |d Workflow manažment systém - procesný editor |e 72987 |f Prieboj, Tomáš |g 035000 |h 4971 |i Juhás, Gabriel |j 20160707 |k 73 |l 03 |m http://is.stuba.sk/zp/portal_zp.pl?podrobnosti=107329 |n B-API |o 9.2.9. aplikovaná informatika | ||